Statistiques concernant 100 Slogans publicitaires (alimentaires)

Cliquez ici pour prendre le quiz!

Statistiques générales

  • Ce quiz a été pris 292 fois
  • Le résultat moyen est 21 sur 100

Statistiques - réponses

SlogansMarques% Correct
On se lève tous pour […]Danette
78%
Have a break, Have a […]Kit Kat
77%
Des pâtes oui, mais des […]Panzani
76%
[…] c'est beau la vie, pour les grands et les petitsHaribo
70%
Il n'y a que […] qui m'ailleMaille
55%
[…], c'est fort en chocolatChocapic
54%
PiratesTipiak
54%
Découvrez la force des volcansVolvic
54%
Des fruits, de l'eau, du funOasis
52%
[…] et ça repartMars
48%
On n'a pas fini de vous faire aimer la viandeCharal
46%
[…], au bon lait de brebisSalakis
43%
Ouvre un […], ouvre du bonheurCoca-Cola
42%
Si t'as pas d'amis, prends un […]Curly
42%
Heureusement, il y a […]Findus
42%
Vivons jeuneEvian
41%
[…], la force du fruitAndros
39%
Quand les légumes sont bons, c'est […]Bonduelle
39%
Le bon saucisson comme on l'aime chez nousCochonou
39%
Le goût des choses simplesHerta
38%
Shake the WorldOrangina
37%
Mon partenaire minceurContrex
36%
What did you expect ?Schweppes
35%
[…] il se décarcasse, et ça change toutDucros
34%
Il en faut de l'énergie pour être un enfantNutella
34%
[…], qui peut te battreCroustibat
33%
Aidons nos défenses naturellesActimel
31%
[…], c'est gonflé d'idéesVahiné
31%
Un repas, un café, un […]Freedent
28%
Actif à l'intérieur et ça se voit à l'extérieurActivia
27%
[…], pour l'amour du goûtAmora
27%
Fraîcheur de vivreHollywood
27%
Et vos idées prennent du génieMaggi
27%
Le petit fromage des grands souriresBabybel
26%
L'essentiel est dans […]Lactel
26%
Un café nomme désirCarte Noire
25%
Taste the rainbowSkittles
25%
[…], c'est autrement bonEntremont
23%
C'est de la barreCarambar
21%
Prenons la vie côté plaisirPrésident
21%
[…], ne pariez jamais que vous n'en mangerez qu'unGranola
20%
Mon jambon starMadrange
19%
Sans alcool la fête est plus folleMister Cocktail
19%
Le traiteur intraitablePierre Martinet
19%
Distributeur de souriresBN
18%
Elle a mis le Sud en bouteille, pas le selLa Salvetat
18%
Le plaisir à l'état purCarte d'Or
17%
Le plein de bonne humeurJoker
17%
Extincteur de soifPerrier
17%
Nous n'avons pas les mêmes valeursBordeaux Chesnel
16%
C'est bon comme là-bas, disGarbit
16%
La cuisine aujord'hui, c'est […]Marie
16%
Pardon, mais c'est trop bonChaussée aux Moines
15%
Mon eau minceur, c'est […]Courmayeur
15%
De la tendresse à l'intérieurMilka
15%
Ay […]Pépito
14%
La mer vous inspirePetit Navire
14%
[…], j'adoreKnorr
13%
Y a de l'ambiance dans ces boîtes jaunesOld El Paso
13%
La Paresse a du BonPulco
12%
Le goût primeurSt-Môret
12%
Un cœur grand comme l'ItalieBuitoni
11%
Une envie, un déliceBridélice
10%
C'est vrai que c'est fraisApérivrais
9%
Et si on prenait l'apéritif plus souvent ?Belin
9%
Le goût du bonheurPoulain
9%
On se souvient surtout du goûtSodebo
9%
Mon préféré, c'est le […]Rondelé
8%
Le goûter qui rend complètement […]Whaou
8%
La journée peut commencerTropicana
7%
C'est toi que j'aime tantBonne Maman
6%
L'envie du vraiElle & Vire
6%
Ça va mieux quand c'est moelleuxHarry's
6%
Fort et fondant à la foisSaint Agur
6%
Restons légersMikado
5%
Quand la pause s'imposeRoyco
5%
C'est toujours un succèsUncle Ben's
5%
La nature a bon goûtVico
5%
Traiteur depuis 1898William Saurin
5%
La glace meilleure qu'une glaceBen & Jerry's
4%
Le café est un monde de plaisirsJacques Vabre
4%
C'est si bon de les surprendreKinder Surprise
4%
Le meilleur des brebisLou Pérac
4%
Pour nos œufs, nous donnons le meilleurMatines
4%
La liberté de se faire plaisirSpécial K
4%
C'est tous les jours la fête avec […]Alsa
2%
Merci la merCoraya
2%
[…] et le monde est plus roseDaddy
2%
La culture du goûtTaureau Ailé
2%
Mettez-vous au parfumEléphant
1%
Si c'est […] c'est réussiFrancine
1%
Juste un instant pour soiFuze Tea
1%
La minceur qui me vaGerlinéa
1%
Au goûter on ne peut pas l'oublierKinder Pingui
1%
Il y a de la magie dans […]McCain
1%
C'est si bon de vivre bienSt-Hubert
1%
Si c'est bon, c'est qu'il y a une raisonSt-Michel
1%
[…], prenez goût à la curiositéTwinings
1%
Soif de natureTeisseire
0%
[…], parce que vous êtes quelqu'un d'exceptionnelWerther's Original
0%

Distribution des résultats

Percentile par nombre de réponses

% des personnes avec chaque résultat

Votre développement - résultats

Vous n’avez pas pris ce quiz